000 01317nam a2200337 i 4500
001 183536
003 ES-MaACL
005 20251005063137.0
008 140716s2013 sp a |||| |dspa d
020 _a978-84-8472-779-8
080 _a(054)(460.27 M.)(091)
080 _a94(460)"1902/31"
080 _a94(460)"1931/39"
100 1 _aToll, Gil,
_d1963-
_9154979
245 1 0 _aHeraldo de Madrid
_b: tinta catalana para la II República española /
_cGil Toll ; prólogo de Miguel Ángel Aguilar.
260 _aValencina de la Concepción, Sevilla :
_bRenacimiento,
_c2013.
300 _a486 p. :
_bil. ;
_c21 cm.
490 1 _aBiblioteca histórica ;
_v24
500 _aÍndice onomástico.
504 _aReferencias bibliográficas.
630 3 7 _aEl Heraldo de Madrid.
_9154980
651 4 _aEspaña-
_xHistoria-
_y1902-1931, Alfonso XIII
_98276
651 7 _aEspaña-
_xHistoria-
_y1931-1939, II República.
_98283
700 1 _aAguilar, Miguel Ángel,
_d1943-
_9154981
830 0 _aBiblioteca histórica (Editorial Renacimiento) ;
_v24
_9235904
852 _aES-MaACL
_jA-13147
_9190477
_bR.149883
_cDEPO1
_dOlim:N-6147
_hDonación: José Esteban
903 _aEsteban, José,
_d1935-
_ednr
_948033
942 _2udc
_cMONOGRAFIA
999 _c183536
_d183536